B08 バス停名クイズ - 名古屋市営バス ver. - Statistics

General Stats
  • This quiz has been taken 46 times
  • The average score is 101 of 1477
Answer Stats
Answer % Correct
名古屋駅
96%
名古屋駅(太閤通口)
96%
87%
大曽根
78%
金山
65%
市役所
65%
上飯田
57%
笠寺駅
52%
地下鉄徳重
52%
名古屋城
52%
名古屋大学
52%
八事
52%
大須
48%
上前津
48%
地下鉄鳴子北
48%
地下鉄原
48%
地下鉄堀田
48%
那古野町
48%
平安通
48%
名鉄有松
48%
矢場町
48%
新瑞橋
43%
黒川
43%
地下鉄植田
43%
地下鉄高畑
43%
千種駅前
43%
茶屋ケ坂
43%
鶴舞公園
43%
名古屋港
43%
鳴尾車庫
43%
野跡駅
43%
藤が丘
43%
本郷
43%
名鉄鳴海
43%
赤塚
39%
猪高車庫
39%
稲永駅
39%
今池
39%
大森
39%
小幡
39%
上社
39%
萱場
39%
志賀本通
39%
白壁
39%
砂田橋
39%
地下鉄岩塚
39%
地下鉄平針
39%
中村公園
39%
ナゴヤドーム前矢田
39%
野並
39%
東山公園
39%
引山
39%
瑞穂運動場西
39%
瑞穂運動場東
39%
名鉄神宮前
39%
名鉄堀田
39%
矢田
39%
杁中
35%
尾頭橋
35%
桜山
35%
四軒家
35%
如意
35%
広小路栄
35%
吹上
35%
星ケ丘
35%
星崎
35%
本陣
35%
瑞穂区役所
35%
港区役所
35%
南区役所
35%
名城公園
35%
本山
35%
柳橋
35%
熱田駅
30%
荒畑
30%
池下
30%
一社
30%
大須観音
30%
大高駅
30%
小幡緑地
30%
覚王山
30%
金屋
30%
上小田井駅
30%
高蔵寺
30%
国際センター
30%
古出来町
30%
塩釜口
30%
島田
30%
庄内緑地公園
30%
新栄町
30%
高蔵
30%
地下鉄自由ケ丘
30%
地下鉄八田
30%
築地口
30%
東海通
30%
戸田
30%
ノリタケの森
30%
日比野
30%
広小路伏見
30%
明道町
30%
守山
30%
六番町
30%
ワイルドフラワーガーデン
30%
赤塚白壁
26%
熱田区役所
26%
猪子石原
26%
印場
26%
内田橋
26%
大江駅
26%
大津通
26%
御器所通
26%
左京山
26%
潮見
26%
志段味交通広場
26%
清水口
26%
浄心町
26%
汁谷
26%
神宮東門
26%
新守山駅
26%
総合リハビリセンター
26%
谷口
26%
地下鉄神沢
26%
戸田荘
26%
中志段味
26%
南陽交通広場
26%
西区役所
26%
東区役所
26%
東別院
26%
平田
26%
丸田町
26%
南大高駅
26%
山口町
26%
竜泉寺
26%
荒子駅
22%
有松町口無池
22%
稲西車庫
22%
円上
22%
大治西条
22%
大森車庫
22%
川宮
22%
川村
22%
北区役所
22%
ささしまライブ
22%
潮見町
22%
島田住宅
22%
白川通大津
22%
白沢渓谷
22%
浅間町
22%
高岳
22%
高辻
22%
高針
22%
地下鉄相生山
22%
地下鉄太閤通
22%
東谷山フルーツパーク
22%
徳川園新出来
22%
中川車庫前
22%
平針運転免許試験場
22%
広小路本町
22%
妙音通二丁目
22%
妙見町
22%
名鉄山王
22%
焼山
22%
弥富通一丁目
22%
弥富通二丁目
22%
荒子川公園駅
17%
一州町
17%
猪子石西原
17%
大須赤門通
17%
大津橋
17%
金山南口
17%
香流橋
17%
香流橋東
17%
菊井町
17%
喜多山
17%
近鉄烏森
17%
近鉄伏屋
17%
港北駅
17%
小本駅
17%
権野
17%
栄大津
17%
桜本町一丁目
17%
笹島町
17%
沢上町
17%
三軒家
17%
市政資料館南
17%
新郊通一丁目
17%
新郊通三丁目
17%
千音寺
17%
千早
17%
千代田
17%
築三町
17%
東郊通三丁目
17%
富が丘
17%
トヨタ産業技術記念館
17%
鳥居
17%
中川橋
17%
中島駅
17%
名古屋城東・市役所
17%
ナディアパーク
17%
納屋橋
17%
西ハサバ
17%
西山本通二丁目
17%
如意車庫前
17%
猫洞通
17%
博物館
17%
八田駅
17%
春田駅
17%
東片端
17%
平針住宅
17%
フラリエ
17%
文化のみち二葉館
17%
平和公園
17%
堀田通五丁目
17%
瑞穂通四丁目
17%
緑区役所
17%
緑高校
17%
緑文化小劇場
17%
名鉄栄生
17%
名鉄東枇杷島
17%
名東区役所
17%
守山区役所
17%
矢田南三丁目
17%
弥富通三丁目
17%
弥富通四丁目
17%
呼続大橋
17%
愛知県図書館
13%
熱田伝馬町
13%
有松小学校
13%
惟信高校
13%
稲永町
13%
植田西
13%
牛巻
13%
大江町
13%
大清水
13%
大須万松寺通
13%
大手橋
13%
桶狭間古戦場公園
13%
御成通三丁目
13%
水主町
13%
笠寺西門
13%
要町
13%
上浜
13%
河合小橋
13%
雁道
13%
港明町
13%
五女子
13%
桜通伏見
13%
桜通本町
13%
潮見町南
13%
四間道
13%
四軒家北
13%
四軒家西口
13%
志段味サイエンスパーク
13%
七番町
13%
柴田
13%
島田橋
13%
下前津
13%
庄内橋
13%
庄中天王
13%
庄中向
13%
昭和橋
13%
白鳥橋
13%
新大正橋西
13%
瑞鳳橋
13%
外堀通
13%
大喜
13%
大喜新町三丁目
13%
大幸
13%
太子
13%
高針原
13%
滝子
13%
竹越
13%
地下鉄吹上
13%
千竃通二丁目
13%
千年
13%
中京病院
13%
天神山
13%
天白公園
13%
天白高校
13%
天白消防署
13%
東海橋
13%
東新町
13%
道徳駅
13%
徳川園・徳川美術館・蓬左文庫
13%
中村日赤病院
13%
長良橋
13%
新家
13%
如意住宅
13%
ノリタケの森西
13%
東尾張病院
13%
比良
13%
平田住宅
13%
枇杷島スポーツセンター
13%
フェリーふ頭
13%
平田町
13%
北部市場
13%
ほら貝
13%
瑞穂通一丁目
13%
瑞穂通七丁目
13%
緑車庫
13%
南荒子駅
13%
名港潮見インター
13%
名大病院
13%
名鉄清水
13%
名東本通二丁目
13%
本星崎町
13%
森下駅
13%
守山自衛隊
13%
八事日赤病院
13%
矢田南四丁目
13%
山田
13%
呼続大橋北
13%
竜泉寺口
13%
若宮
13%
中部電力 MIRAI TOWER
13%
相生山住宅
9%
青峰通
9%
熱田駅西
9%
石川橋
9%
惟信町
9%
一番三丁目
9%
一柳中学校
9%
稲永小学校
9%
稲永新田
9%
稲永スポーツセンター
9%
稲葉地公園
9%
岩塚本通四丁目
9%
植田一本松
9%
植田山
9%
植田山住宅
9%
植田山住宅北
9%
内田橋北
9%
梅森荘
9%
江松
9%
大久手
9%
大高緑地西
9%
おおね荘
9%
大野木四丁目
9%
大門
9%
大門通
9%
包里
9%
上志段味
9%
神の倉
9%
喜惣治一丁目
9%
吉根
9%
木場町
9%
楠三丁目
9%
楠インター
9%
郷前
9%
港陽町
9%
港楽町
9%
古鳴海
9%
五番町
9%
彩紅橋通
9%
山王橋
9%
三番町
9%
潮見町中
9%
志賀橋
9%
市大薬学部
9%
七里の渡し
9%
島田一ツ山
9%
下広井町
9%
蛇池神社前
9%
十一番町
9%
宿跡町
9%
乗鞍
9%
庄内公園
9%
昭和高校前
9%
白川公園
9%
市立大学病院
9%
汁谷東
9%
白土
9%
城見通二丁目
9%
新宿
9%
新洲崎橋
9%
新東谷橋南
9%
新富町
9%
甚兵衛通
9%
西部医療センター
9%
泉楽通一丁目
9%
泉楽通四丁目
9%
大同町
9%
鯛取通二丁目
9%
太平通三丁目
9%
太平通五丁目
9%
多加良浦
9%
檀渓通三丁目
9%
千竃通五丁目
9%
中央卸売市場前
9%
千代田橋
9%
津賀田神社
9%
東陵中学校
9%
徳川町
9%
豊岡通
9%
豊本通
9%
鳥居西通
9%
鳥見町
9%
土古
9%
中川青和高校
9%
中切町
9%
中汐田
9%
長良本町
9%
鳴海住宅
9%
鳴海団地
9%
西大曽根
9%
西山住宅
9%
西山小学校
9%
西山本通三丁目
9%
二女子
9%
二番町
9%
旗屋町
9%
八勝通二丁目
9%
服部
9%
半僧坊前
9%
樋入
9%
東宿町
9%
東条
9%
光ケ丘
9%
引山東
9%
平池
9%
藤田医科大学病院
9%
伏屋
9%
船方
9%
船見町
9%
平成橋
9%
平和公園南
9%
豊郷町
9%
星崎小学校
9%
堀田通一丁目
9%
堀田通七丁目
9%
本城中学前
9%
牧の原
9%
正木
9%
松葉
9%
豆田町
9%
万場大橋
9%
瑞穂公園
9%
瑞穂生涯学習センター
9%
瑞穂図書館
9%
みどりが丘公園
9%
南一番町
9%
名鉄印場
9%
百々ケ池
9%
焼山橋
9%
柳橋西
9%
山田支所
9%
山手通一丁目
9%
山手通二丁目
9%
山手通四丁目
9%
山手通五丁目
9%
豊三丁目
9%
労災病院前
9%
赤坪町
4%
旭桜ケ丘
4%
雨池
4%
天子田
4%
荒池
4%
荒池緑地
4%
荒子一丁目
4%
荒子観音
4%
荒田
4%
荒中町
4%
飯田町
4%
池上
4%
猪高緑地
4%
稲葉地町
4%
稲生町
4%
猪子石団地
4%
猪之越町
4%
鋳物師洞
4%
岩塚本通三丁目
4%
植園住宅
4%
植園町
4%
植田北小学校
4%
姥子山三丁目
4%
姥子山四丁目
4%
姥子山西
4%
梅森坂
4%
運河通
4%
江川町
4%
江向
4%
笈瀬通
4%
大秋町
4%
大池町
4%
大井町
4%
大清水三丁目
4%
大須本町通
4%
大高駅東
4%
大塚
4%
大坪小学校
4%
大野木二丁目
4%
大野木五丁目
4%
大治役場前
4%
桶狭間寺前
4%
尾崎山
4%
篭山
4%
篭山西
4%
金屋坊
4%
上飯田西町
4%
神沢二丁目
4%
上島
4%
上高畑
4%
神の倉一丁目
4%
上堀越町
4%
川原通
4%
川原通二丁目
4%
菊井通四丁目
4%
木曽橋
4%
北頭
4%
北図書館
4%
北原町
4%
北屋敷
4%
吉根口
4%
金城橋
4%
熊の前
4%
黒石小学校
4%
黒川本通四丁目
4%
光音寺町
4%
港東通
4%
港東通二丁目
4%
鴻ノ巣
4%
鴻仏目
4%
黄金中学校
4%
黄金通
4%
極楽
4%
小本本町
4%
済生会リハビリ病院
4%
桜田中学校
4%
桜通大津
4%
五月通
4%
三郎廻間
4%
三階橋北
4%
三七川原
4%
じあみ
4%
敷田北
4%
下原
4%
志段味支所
4%
四女子町
4%
篠の風
4%
島田黒石
4%
下島
4%
下浜
4%
十一屋
4%
自由ケ丘三丁目
4%
松蔭高校
4%
松栄町
4%
松軒
4%
城西三丁目
4%
庄内通一丁目
4%
庄内通三丁目
4%
白菊町
4%
市立工業高校
4%
白土南
4%
新川中橋
4%
神宮東公園
4%
新栄三丁目
4%
新藤森橋
4%
助光住宅
4%
助光中学校
4%
諏訪町
4%
瀬古
4%
園山町
4%
太子北
4%
大正橋西
4%
大当郎二丁目
4%
鯛取通五丁目
4%
高坂町
4%
高杉町
4%
鷹羽町
4%
高道町
4%
滝川町
4%
田代本通
4%
竜ケ池
4%
丹後通
4%
千種スポーツセンター
4%
千年一丁目
4%
千年二丁目
4%
中郷町
4%
忠次
4%
月ケ丘
4%
辻町
4%
天王橋
4%
天白郵便局
4%
天満通一丁目
4%
天満通二丁目
4%
東郊通一丁目
4%
東郊通二丁目
4%
東谷橋
4%
当知一丁目
4%
当知三丁目
4%
当知四丁目
4%
徳重三丁目
4%
富田高校
4%
富田中学校
4%
豊国神社
4%
豊国通四丁目
4%
豊臣小学校
4%
鳥居通二丁目
4%
鳥居通三丁目
4%
鳥澄
4%
中味鋺
4%
中小田井二丁目
4%
中島新町
4%
中島町
4%
中島橋
4%
長須賀
4%
長戸橋
4%
中根
4%
長廻間
4%
中村公園北口
4%
中村小学校
4%
中村スポーツセンター
4%
長良中学校
4%
名古屋市美術館東
4%
名古屋城正門前
4%
名塚
4%
名塚中学
4%
鳴子町
4%
鳴海栄町
4%
鳴海団地内郵便局
4%
鳴海山下
4%
西味鋺
4%
西稲永
4%
西大須
4%
西条
4%
西本地ケ原
4%
日光川公園
4%
日進通五丁目
4%
日本ガイシスポーツプラザ
4%
如意一丁目
4%
猫洞通二丁目
4%
猫洞通四丁目
4%
野跡小学校
4%
野並住宅
4%
則武町
4%
則武本通二丁目
4%
廻間
4%
橋下町
4%
八王子町
4%
原中学校西
4%
春岡通
4%
東猪子石
4%
東起橋
4%
東名古屋病院
4%
東山公園事務局
4%
東山元町
4%
一ツ山三丁目
4%
日比津公園
4%
日比津小学校
4%
瓢箪山
4%
平手
4%
平針南住宅
4%
琵琶里町
4%
枇杷島四丁目
4%
福徳町
4%
藤里町
4%
藤成通一丁目
4%
藤成通五丁目
4%
藤前五丁目
4%
藤巻
4%
平和公園口
4%
弁天裏
4%
豊公橋
4%
星ケ丘住宅
4%
星崎町
4%
細根
4%
本地住宅
4%
本陣通二丁目
4%
又穂住宅東
4%
松葉公園
4%
万場小橋
4%
瑞穂グランド
4%
水分橋
4%
溝口
4%
見付小学校
4%
緑黒石
4%
緑スポーツセンター
4%
緑図書館
4%
南川町
4%
南浜通
4%
都通二丁目
4%
向野田
4%
明治一丁目
4%
明治小学校西
4%
名西橋
4%
明徳橋
4%
桃山二丁目
4%
桃山住宅
4%
桃山小学校
4%
森田町
4%
諸ノ木
4%
八熊通
4%
山ノ神
4%
弥生町
4%
八幡西通
4%
豊一丁目
4%
横井町
4%
芳野三丁目
4%
葭原町
4%
竜宮町
4%
臨港線踏切
4%
瑠璃光町
4%
六句町
4%
若宮商高前
4%
相生山住宅南
0%
相川一丁目
0%
相川二丁目
0%
相川三丁目
0%
青柳町
0%
赤坂町
0%
赤松
0%
曙町一丁目
0%
曙町二丁目
0%
旭労災病院
0%
味鋺住宅
0%
味鋺小学校北
0%
東橋
0%
熱田生涯学習センター
0%
熱田西町
0%
熱田プール
0%
穴ケ洞
0%
油屋町一丁目
0%
油屋町二丁目
0%
天塚町
0%
阿由知通二丁目
0%
荒池二丁目
0%
新木町
0%
荒子川公園北
0%
荒子町
0%
荒輪井
0%
有松インター北
0%
有松町清水山
0%
有松中町
0%
池内町
0%
池上台
0%
池場一丁目
0%
池端
0%
池花町
0%
一色大橋
0%
石薬師
0%
惟信高校正門
0%
猪高小学校
0%
猪高台
0%
猪高緑地南
0%
一州町南
0%
稲永ふ頭
0%
稲上町
0%
稲葉地本通
0%
猪子石一丁目
0%
猪子石小学校
0%
猪子石荘
0%
猪子石中学
0%
茨木町
0%
入場
0%
入場二丁目
0%
いろは橋西
0%
岩井通一丁目
0%
岩塚石橋
0%
岩塚小学校
0%
岩塚本通五丁目
0%
岩戸町
0%
印場東
0%
植田大久手
0%
植田中央公園
0%
植田本町二丁目
0%
植田寮
0%
上野公園
0%
浮野町
0%
牛立町
0%
牛田通
0%
牛牧住宅
0%
歌里町
0%
打越
0%
打出町
0%
打出本町七丁目
0%
梅森坂口
0%
梅森台一丁目
0%
梅森台三丁目
0%
浦里二丁目
0%
浦里五丁目
0%
運河事務所前
0%
運河通三丁目
0%
海老山
0%
恵方町
0%
猿子橋
0%
延珠橋
0%
円頓寺通南
0%
扇町二丁目
0%
応仁町
0%
小碓四丁目
0%
小碓中橋
0%
大金町
0%
大我麻町
0%
大久手池
0%
大久手池東
0%
大清水小学校
0%
大清水小学校南
0%
大清水西
0%
大杉小学校
0%
大曽根駅西
0%
大高町大根山
0%
大高町坊主山
0%
大高町丸ノ内
0%
大高橋
0%
大高南小学校
0%
大高緑地西口
0%
大坪二丁目
0%
おおね荘東
0%
大針
0%
大牧町
0%
大宮町
0%
大森四丁目
0%
大森霞ケ丘
0%
大森口
0%
大森住宅
0%
大門通西
0%
大門通東
0%
大木曽南
0%
押切町
0%
小田井市場木
0%
小田井野田
0%
音聞山
0%
大殿町
0%
小幡稲荷公園
0%
小幡ケ原
0%
小幡苗代
0%
小幡宮前
0%
小幡緑地西園
0%
表山一丁目
0%
折戸
0%
海東
0%
科学館西
0%
鏡田
0%
杜若
0%
篭池西
0%
篭池東
0%
笠取町
0%
霞ケ丘
0%
烏森駅南
0%
烏森町七丁目
0%
風越橋
0%
勝手塚
0%
金船町
0%
香流二丁目
0%
香流小学校
0%
香流中学校
0%
蟹田
0%
金田町二丁目
0%
金田町五丁目
0%
包里住宅
0%
加福町
0%
加福町二丁目
0%
鎌倉台中学校
0%
上旭
0%
上飯田南町
0%
神丘公園
0%
上小田井二丁目
0%
神沢三丁目
0%
上汐田
0%
上高畑一丁目
0%
上流町
0%
神の倉二丁目
0%
神の倉三丁目
0%
上社西
0%
上山町
0%
亀ケ洞
0%
亀の井二丁目
0%
亀原
0%
鴨付公園西
0%
鴨付町
0%
川上町
0%
川澄町
0%
川園
0%
川中
0%
川名本町
0%
川西通三丁目
0%
川西通四丁目
0%
川村口
0%
瓦町
0%
木ケ崎公園
0%
菊園町一丁目
0%
菊園町四丁目
0%
菊ノ尾通二丁目
0%
紀左エ門橋西
0%
紀左エ門橋東
0%
北大坪
0%
北高校
0%
北沢
0%
北千種三丁目
0%
北千種住宅前
0%
北千種町
0%
喜多山二丁目
0%
吉根住宅
0%
貴船小学校
0%
希望ケ丘四丁目
0%
きよすみ荘
0%
清船町一丁目
0%
金城町二丁目
0%
金城町三丁目
0%
草薙町
0%
楠味鋺
0%
楠支所
0%
楠西小学校東
0%
楠橋
0%
楠元町
0%
供米田三丁目
0%
供米田中学校
0%
熊の前北
0%
県教育会館
0%
県精神医療センター
0%
建中寺東
0%
古井ノ坂
0%
公園北口
0%
幸心
0%
幸心口
0%
康生通一丁目
0%
康生通三丁目
0%
康生通四丁目
0%
港東橋
0%
香呑町
0%
黄金橋
0%
御器所二丁目
0%
御器所四丁目
0%
極楽西
0%
極楽東
0%
小坂
0%
古城
0%
児玉町
0%
小塚町
0%
寿荘
0%
小西
0%
五女子二丁目
0%
小本三丁目
0%
権現通
0%
権平谷
0%
境根
0%
坂海戸
0%
桜ケ丘
0%
桜ケ丘町一丁目
0%
桜ケ丘町三丁目
0%
桜台高校
0%
桜通車道
0%
桜本町四丁目
0%
笹原
0%
五月南通
0%
三条
0%
三新通二丁目
0%
三丁山
0%
三本木
0%
汐路小学校
0%
汐路町四丁目
0%
塩付
0%
塩付通四丁目
0%
塩付通五丁目
0%
汐止町
0%
潮凪町
0%
潮凪橋東
0%
潮見橋
0%
志賀公園前
0%
鹿山
0%
蜆橋
0%
地蔵池
0%
志段味大塚古墳
0%
志段味支所北
0%
志段味西小学校
0%
七反野
0%
篠の風北
0%
篠原小学校西
0%
篠原橋
0%
篠原橋通三丁目
0%
篠原橋東
0%
柴田本通一丁目
0%
島井町
0%
島落
0%
島田緑地南
0%
島の口
0%
清水二丁目
0%
清水ケ岡
0%
清水小学校
0%
下市場
0%
下切
0%
下坪
0%
下広井町三丁目
0%
下焼田橋
0%
下八事
0%
自由ケ丘二丁目
0%
障害者スポーツセンター
0%
正江橋
0%
城西病院
0%
浄水場西
0%
城南町
0%
城北小学校
0%
城北つばさ高校
0%
昭明町
0%
松和花壇
0%
昭和町
0%
昭和町南
0%
昭和文化小劇場
0%
城下
0%
城前
0%
城見町
0%
城山
0%
城山新町
0%
新池町
0%
新尾頭町
0%
新開橋
0%
神宮寺小学校
0%
神郷町
0%
新西福橋
0%
新茶屋
0%
新茶屋南
0%
新沼町
0%
新橋通
0%
振甫町
0%
水筒先
0%
吸場町
0%
瑞陵高校
0%
末盛通二丁目
0%
杉栄町
0%
杉栄町五丁目
0%
杉村町
0%
数寄屋町
0%
洲雲町
0%
砂田一丁目
0%
砂田橋小学校
0%
砂畑
0%
洲原町
0%
清明山
0%
瀬木川東
0%
瀬古口
0%
瀬古小学校
0%
瀬古神明
0%
勢子坊
0%
浅間町東
0%
善進本町
0%
千成通
0%
千成通四丁目
0%
前ノ輪
0%
千音寺荘
0%
善北町
0%
善明寺
0%
外新町四丁目
0%
曽根田
0%
空見町
0%
空見町北
0%
大永寺
0%
代官町
0%
大慶橋
0%
大幸三丁目
0%
大幸東団地
0%
太鼓ケ根
0%
大当郎橋
0%
第二ふ頭
0%
太平通六丁目
0%
高坂荘
0%
高島一丁目
0%
高田町
0%
高縄
0%
高根
0%
高畑三丁目
0%
高針口
0%
高針台中学校
0%
高見
0%
滝子通二丁目
0%
滝ノ水一丁目
0%
滝の水公園
0%
滝ノ水中学校
0%
滝ノ水中学校西
0%
橘町
0%
橘町大木戸
0%
竪出
0%
田辺通二丁目
0%
田辺通四丁目
0%
田幡一丁目
0%
玉川町
0%
玉野川学園
0%
玉船町三丁目
0%
千竃通七丁目
0%
千種台中学校
0%
千種本町
0%
築盛町
0%
知多
0%
知多三丁目
0%
秩父通
0%
千早小学校
0%
中丸町
0%
長栄
0%
町田橋
0%
長母寺前
0%
千代田五丁目
0%
月縄手
0%
辻本通
0%
土原荘
0%
露橋一丁目
0%
露橋二丁目
0%
露橋公園
0%
露橋スポーツセンター
0%
鶴が沢
0%
鶴舞公園北口
0%
出口町
0%
寺腰
0%
寺林
0%
伝治山
0%
天神下
0%
天神橋
0%
天王崎橋東
0%
天白中学校前
0%
天白町菅田
0%
天白図書館
0%
天白橋
0%
天白福祉会館
0%
土居下
0%
東海通二丁目
0%
東海病院前
0%
当知住宅
0%
当知住宅東
0%
当知中学校東
0%
道徳新町
0%
道徳通
0%
道徳橋北
0%
道徳本町六丁目
0%
東部医療センター
0%
徳川園北
0%
徳川山町
0%
徳重小学校
0%
徳重西
0%
所下
0%
戸田三丁目
0%
戸田川緑地
0%
戸田小学校
0%
戸田西二丁目
0%
戸田明正二丁目
0%
戸春橋
0%
富川町
0%
富田作業所
0%
富田支所
0%
富田図書館
0%
富永
0%
豊岡小学校
0%
豊田荘
0%
豊治小学校
0%
豊前
0%
寅新田
0%
鳥羽見小学校
0%
中旭出
0%
中味鋺三丁目
0%
中井
0%
中小田井四丁目
0%
中小田井五丁目
0%
中川住宅
0%
中川本町
0%
中川本町三丁目
0%
中川本町五丁目
0%
長喜町
0%
中切町四丁目
0%
中島小学校
0%
中新
0%
長須賀三丁目
0%
仲田
0%
仲田本通
0%
中坪町
0%
長戸町
0%
中沼町
0%
中根公園
0%
中野新町
0%
中野橋
0%
中野本町
0%
中野本町二丁目
0%
中平四丁目
0%
中平五丁目
0%
中深
0%
中伏屋荘
0%
中村住宅
0%
中山町
0%
長良町三丁目
0%
流町
0%
名古屋工科高校
0%
名古屋国際会議場
0%
名古屋西インター
0%
鍋山
0%
並木二丁目
0%
並木町
0%
鳴丘二丁目
0%
鳴尾町
0%
鳴子口
0%
鳴子住宅
0%
鳴子住宅北口
0%
鳴子みどりケ丘
0%
鳴海大根
0%
鳴海小学校
0%
鳴海町神ノ倉
0%
鳴海町笹塚
0%
鳴海東部小学校
0%
南陽大橋西
0%
南陽大橋東
0%
南陽支所
0%
南陽中学校
0%
南陽町
0%
南陽通四丁目
0%
南陽通五丁目
0%
南陽通六丁目
0%
新家一丁目
0%
新家二丁目
0%
新家三丁目
0%
西有松
0%
西入町
0%
西浦
0%
にじが丘
0%
西神の倉二丁目
0%
西里町
0%
西里町五丁目
0%
西城
0%
西城二丁目
0%
西茶屋荘
0%
西茶屋荘北
0%
廿軒家会館
0%
廿軒家小学校
0%
西の池
0%
西白山町
0%
西原
0%
西日置
0%
西福田
0%
西町
0%
西藪下町
0%
二城小学校
0%
二条町
0%
如意小学校
0%
布池
0%
猫ケ洞池
0%
農業センター北
0%
野田小学校
0%
野田町
0%
野立小学校
0%
野立町
0%
野立橋
0%
野並二丁目
0%
乗越町
0%
則武本通三丁目
0%
白山神社
0%
白水町
0%
白鳳町一丁目
0%
畑江通八丁目
0%
八角堂前
0%
服部一丁目
0%
服部二丁目
0%
服部五丁目
0%
八百島
0%
鳩岡
0%
花井
0%
花池町
0%
巾下橋
0%
浜田町
0%
原三丁目
0%
原境町
0%
春岡小学校西
0%
春里町
0%
春田一丁目
0%
春田三丁目
0%
春田野
0%
日置橋
0%
東浦通
0%
東尾張病院南
0%
東神の倉一丁目
0%
東神の倉二丁目
0%
東杉町一丁目
0%
東茶屋四丁目
0%
東中島
0%
東原
0%
東春田
0%
東山公園テニスセンター
0%
一ツ山住宅口
0%
樋ノ口町一丁目
0%
樋ノ口町二丁目
0%
日ノ出橋
0%
雲雀ケ岡
0%
日比津公園北
0%
氷室
0%
姫ケ池
0%
百人町
0%
兵庫公園
0%
平池南
0%
開橋
0%
比良口
0%
平子
0%
平子ケ丘町
0%
平子橋
0%
比良新橋
0%
平田折戸
0%
平田口
0%
平田小学校
0%
平田中学校
0%
平針三丁目
0%
平針上ノ池
0%
平針小学校
0%
平針新屋敷
0%
平針中学校
0%
平針東
0%
平針南二丁目
0%
平部
0%
広小路車道
0%
広路通一丁目
0%
広路通五丁目
0%
広見町
0%
福江二丁目
0%
福田二丁目
0%
袋町通本町
0%
藤塚一丁目
0%
藤塚三丁目
0%
藤塚橋
0%
藤塚南公園
0%
藤森一丁目
0%
藤森本郷
0%
伏屋橋
0%
武道館
0%
船見町西
0%
船見寮前
0%
古沢町
0%
古渡町
0%
古渡橋
0%
文教台一丁目
0%
文教台二丁目
0%
平安通四丁目
0%
平六通
0%
平和が丘
0%
平和が丘三丁目
0%
平和公園三丁目
0%
弁天通一丁目
0%
弁天通三丁目
0%
弁天前
0%
法王町
0%
宝生町
0%
宝神一丁目
0%
宝神五丁目
0%
宝神荘
0%
豊正中学校
0%
豊年橋
0%
法華西町
0%
堀越町
0%
堀越町西
0%
本宮公園
0%
本宮新橋
0%
本宮町
0%
本郷小学校南
0%
本前田町
0%
前畑
0%
前山町
0%
牧野町
0%
松蔭公園前
0%
松坂町
0%
松下
0%
松下南
0%
松葉町一丁目
0%
松原二丁目
0%
的場町
0%
丸中橋東
0%
丸根
0%
丸山本通
0%
万町
0%
三日月住宅
0%
己新田
0%
水広公園
0%
水広公園南
0%
水広橋
0%
瑞穂福祉会館北
0%
瑞穂保健センター
0%
三ツ蔵通本町
0%
みどりが丘公園会館
0%
みどりが丘公園口
0%
緑丘高校
0%
緑ケ丘住宅
0%
緑黒石住宅
0%
みどり市民病院
0%
緑保健センター
0%
緑町
0%
港郵便局
0%
南大高駅西
0%
南大高駅東
0%
南大坪
0%
南ケ丘
0%
南久留里
0%
南高校
0%
南天白中学校
0%
南原
0%
南山
0%
宮裏
0%
都通一丁目
0%
宮崎通
0%
宮田荘
0%
宮根
0%
宮脇町
0%
三吉町三丁目
0%
見寄町
0%
向が丘
0%
向田町
0%
向島町五丁目
0%
六野
0%
名四十一屋
0%
明正
0%
名城町
0%
名城病院
0%
名西二丁目
0%
名東区役所北
0%
名東消防署
0%
名東図書館
0%
名東福祉会館
0%
明徳池東
0%
明徳公園北
0%
明和高校前
0%
元塩町
0%
元柴田西町
0%
元八事四丁目
0%
元柳原町
0%
森の里荘
0%
森宮町
0%
守山区役所南
0%
守山小学校
0%
守山新堀
0%
守山図書館
0%
守山西中学校
0%
守山東
0%
守山東中学校
0%
守山プール
0%
諸の木北公園
0%
諸ノ木口
0%
薬師通
0%
薬師通三丁目
0%
八熊通二丁目
0%
八熊橋
0%
八雲町
0%
八事音聞山
0%
八事表山
0%
八事天道
0%
社台一丁目
0%
安井町
0%
安井町西
0%
安井町東
0%
八筋町
0%
安田通
0%
矢田二丁目
0%
矢田川橋
0%
八ツ松
0%
八剣
0%
弥富桜ケ岡
0%
弥富緑ケ岡
0%
柳内
0%
柳原町
0%
柳原橋
0%
柳瀬町
0%
薮田
0%
山田支所南
0%
山田町三丁目
0%
山田東中学校
0%
山中
0%
山根町
0%
山ノ田
0%
山花町
0%
弥生ケ岡
0%
八幡小学校
0%
豊二丁目
0%
吉津一丁目
0%
四ツ谷通二丁目
0%
四ツ谷通三丁目
0%
呼続町
0%
蓬来小学校
0%
楽園町
0%
楽陶館
0%
両茶橋北
0%
両茶橋西
0%
両茶橋東
0%
六条
0%
六反公園
0%
六番三丁目
0%
若田
0%
若葉台
0%
若葉通
0%
若水三丁目
0%
No matching quizzes found
Score Distribution
Percent of People with Each Score
Percentile by Number Answered
Your Score History
You have not taken this quiz